Organic chemistry
Kaydedildi:
| Yazar: | |
|---|---|
| Materyal Türü: | Kitap |
| Dil: | İngilizce |
| Baskı/Yayın Bilgisi: |
Books and Allied
2011
|
| Etiketler: |
Etiketle
Etiket eklenmemiş, İlk siz ekleyin!
|
MARC
| LEADER | 00000nam a22000007a 4500 | ||
|---|---|---|---|
| 008 | 201218b ||||| |||| 00| 0 eng d | ||
| 020 | |a 81-87134-16-X | ||
| 100 | |a PATHAK, Anup | ||
| 245 | |a Organic chemistry |c Anup Pathak, Anupa Saha Kolkata | ||
| 260 | |b Books and Allied |c 2011 |h India |i 671709 – Vol. 1 691711 – Vol. 2 |l QD253 .P27 | ||
| 942 | |a lcc |c BK | ||
| 952 | |0 0 |1 0 |2 lcc |4 0 |6 QD0253 P27 |7 0 |9 837 |a HOL |b HOL |d 2020-12-18 |l 0 |o QD253 .P27 |p 2020-230052 |r 2020-12-18 00:00:00 |w 2020-12-18 |y BK | ||
| 952 | |0 0 |1 0 |2 lcc |4 0 |6 QD0253 P27 |7 0 |9 838 |a HOL |b HOL |d 2020-12-18 |l 0 |o QD253 .P27 |p 2020-230053 |r 2020-12-18 00:00:00 |w 2020-12-18 |y BK | ||
| 999 | |c 469 |d 469 | ||